| 000 | 00468nam a2200145Ia 4500 | ||
|---|---|---|---|
| 008 | 230917s9999||||xx |||||||||||||| ||und|| | ||
| 040 |
_e75086 _aMAIN |
||
| 041 | _aEnglish | ||
| 082 | _a658.787 A14M | ||
| 100 | _aAnand, R L | ||
| 245 | 0 | _aModern inventory control: A book for industry, business management, industrial engineering, materials management, research studies and reference work | |
| 260 |
_aNew Delhi _bSamkaleen _c1978 |
||
| 300 | _a88 p. | ||
| 942 | _cBK | ||
| 999 |
_c198479 _d198479 |
||